• 首页
  • 本馆介绍
  • 公告通知
  • 最新文献
  • 馆藏检索
  • 电子资源
  • 读者导购
  • 参考咨询
  • 我的图书馆
  • 登录
  • 详细信息显示
  • 放入我的书架
  • 预约/预借图书
  • 作者相关作品
  • 分类相关作品
  • 丛书相关作品
  • 出版社相关作品

书目信息

  • 表格格式
  • 工作单格式
  • 卡片格式
题名:
军事题材小说创作谈
    
 
作者: 肖溪 编
分册:  
出版信息: 北京   解放军文艺出版社  1982
页数: 407页
开本: 19cm
丛书名:
单 册:
中图分类: I041
科图分类:
主题词: 创作方法-军事文学-小说 , 军事文学-小说-创作方法 , 文学创作--创作方法 , 文学创作--写作学 , 小说-军事文学-创作方法
电子资源:
ISBN:
000 00758nam0 2200277 45
001 0182004650
005 20060813103815.79
010    @dCNY1.00
091    @a10137.43
100    @a19950523d1982 em y0chiy0121 ea
101 0  @achi
102    @aCN@b110000
105    @ay z 000zy
200 10 @a军事题材小说创作谈@Ajun shi ti cai xiao shuo chuang zuo tan@f肖溪编
210    @a北京@c解放军文艺出版社@d1982
215    @a407页@d19cm
606    @a创作方法-军事文学-小说
606    @a军事文学-小说-创作方法
606 0  @a文学创作@x创作方法
606 0  @a文学创作@x写作学
606    @a小说-军事文学-创作方法
690    @aI041@v3
701  0 @a肖溪@Axiao xi@4编
801  0 @aCN@b上海图书馆@c20060813
801  2 @aCN@bNLC@c20060804
905    @dI041@e24
    
    军事题材小说创作谈/肖溪编.-北京:解放军文艺出版社,1982
    407页;19cm
    
    
    ISBN :CNY1.00
    
●
相关链接 在E读中查询图书 在五车中查询图书 在当当中查询图书 在豆瓣中查询图书


正题名:军事题材小说创作谈     索取号:I041/24         预约/预借

序号 登录号 条形码 馆藏地/架位号 状态 备注
1 0072622   000904757   第一样本阅览室/ [索取号:I041/24] 在馆    
2 0072623   001884919   密集书库/ [索取号:I041/24] 在馆    
3 0072624   001884875   密集书库/ [索取号:I041/24] 在馆    
4 0072625   001885124   密集书库/ [索取号:I041/24] 在馆    
5 0072626   001885080   密集书库/ [索取号:I041/24] 在馆    
6 0449521   204495215   密集书库/ [索取号:I041/24] 在馆    
7 0457807   204578073   密集书库/ [索取号:I041/24] 在馆    
8 0457808   204578082   密集书库/ [索取号:I041/24] 在馆    
9 0457809   204578091   密集书库/ [索取号:I041/24] 在馆    
10 0457810   204578108   密集书库/ [索取号:I041/24] 在馆    
11 0457811   204578117   密集书库/ [索取号:I041/24] 在馆    
唐山师范学院图书馆 欢迎您!
大连网信软件有限公司© 版权所有